Associa il nome al cognome del tennista - Statistics

Statistiche generali
  • Questo quiz è stato fatto 33 volte
  • Il punteggio medio è 15 su 37
Statistiche sulle risposte
Hint Risposta % Corretto
Carlos Alcaraz
100%
Novak Ðoković
100%
Roger Federer
100%
Rafael Nadal
100%
Jannik Sinner
96%
Andre Agassi
93%
Björn Borg
93%
Boris Becker
78%
Ivan Lendl
70%
John McEnroe
70%
Pete Sampras
70%
Jimmy Connors
67%
Rod Laver
67%
Stefan Edberg
44%
Mats Wilander
44%
Jim Courier
41%
Guillermo Vilas
41%
Ken Rosewall
26%
Manuel Santana
26%
Roy Emerson
22%
René Lacoste
22%
Fred Perry
22%
Ashley Cooper
15%
Don Budge
11%
Jean Borotra
7%
Jack Crawford
7%
Laurie Doherty
7%
Bill Tilden
7%
Henri Cochet
4%
Max Décugis
4%
Lew Hoad
4%
William Larned
4%
Richard Sears
4%
Frank Sedgman
4%
Tony Trabert
4%
Anthony Wilding
4%
Robert Wrenn
4%
Nessun quiz corrispondente trovato
Distribuzione punteggi
Percentuale di utenti per punteggio
Percentile per numero di risposta
I tuoi punteggi nel tempo
Non hai fatto questo quiz